000
00336 a2200157 4500
001
68257
020
_a
9788588487574
040
_c
Anchieta - Pituba
100
_a
Araújo Neto, Gorgonio José de
240
1
0
_a
De versos
_l
por
245
1
0
_a
De versos
300
_a
144
362
0
_a
2018
650
4
_a
Poesia brasileira
942
_c
BK
999
_c
68257
_d
68257